Normal view
MARC view
Entry Personal Name
001 - CONTROL NUMBER
- control field: 8434
003 - CONTROL NUMBER IDENTIFIER
- control field: BD-RjUL
005 - DATE AND TIME OF LATEST TRANSACTION
- control field: 20230821103233.0
008 - FIXED-LENGTH DATA ELEMENTS
- fixed length control field: 230821|| aca||aabn | a|a d
040 ## - CATALOGING SOURCE
- Original cataloging agency: BD-RjUL
- Transcribing agency: BD-RjUL
100 ## - HEADING--PERSONAL NAME
- Personal name: টিউলিপ, উম্মে সানজিদা
670 ## - SOURCE DATA FOUND
- Source citation: Work cat.: (BD-RjUL)81728: টিউলিপ, উম্মে সানজিদা, বাংলার মুসলিম শাসনামলের ইতিহাস চর্চা দিল্লীর নির্বাচিত ঐতিহাসিকগণের ভূমিকা (১২০৪-১৭০৭ খ্রী : /, ২০০৭